| 000 | 01050nam a2200229Ia 4500 | ||
|---|---|---|---|
| 999 |
_c50919 _d50919 |
||
| 001 | 17874 | ||
| 003 | GE_BSU | ||
| 005 | 20200226173535.0 | ||
| 008 | 181216s1978 xx |||||||||||||| ||geo|| | ||
| 040 | _cGE_BSU | ||
| 041 | _ageo | ||
| 080 | _a821.353.1-1 ნ-85 | ||
| 100 |
_aნონეშვილი, იოსებ. _97530 |
||
| 245 |
_aრჩეული : ლექსები / _cიოსებ ნონეშვილი ; წინასიტყვ. ავტ. ე. მაღრაძე ; რედ. ე. მაღრაძე . |
||
| 264 |
_aთბილისი : _bსაბჭ. საქართველო, _c1978. |
||
| 300 |
_a387 გვ. : _b1 ფ. პორტრ. _c20 სმ. |
||
| 653 | _aრჩეული ლექსები | ||
| 653 | _aქართული ლიტერატურა | ||
| 700 |
_aმაღრაძე, ე _eწინასიტყვაობის ავტორი _97531 |
||
| 700 |
_aმაღრაძე, ე _eრედაქტორი _97532 |
||
| 942 |
_cBK _2udc |
||